00487nam a2200169Ia 4500003000900000008004100009020002200050040001600072080001400088100001500102245006000117260003400177300001400211650003200225650003200257650002800289IN-BaIIA211028s9999 xx 000 0 eng d a978-1-905-42229-6 cIIA Library a82-2bALI aAli, Tariq 4aThe Leopard and the foxba Pakistani tragedycTariq Ali aCalcuttabSeagull Booksc2007 axi, 204p. aBhutto, Zulfikaar Ali-Drama aCensorship television plays aPolitics and Government